000 00361nam a2200145Ia 4500
008 231004s2020 xx 000 0 und d
020 _a9788172165482
041 _aeng
082 _a613.7
_bREE
100 _aREENA RANI
245 _aPHYSICAL FITNESS AND WELLNESS
260 _aNEW DELHI
_bFRIENDS PUB.
_c2020
300 _a252
650 _aFITNESS & WELLNESS
999 _c877138
_d877138